Entwaffnung und militärkontrolle in Deutschland, 1919-1927

Gardado en:
Detalles Bibliográficos
Autor Principal: Salewski, Michael (Author)
Formato: Libro
Idioma:alemán
Publicado: Múnich R. Oldenbourg 1966
Edición:1a. ed
Series:Forschungsinstituts der Deutschen Gesellschaft für Auswärtige Politik E. V. Bonn, 24
Subjects:
Tags: Engadir etiqueta
Sen Etiquetas, Sexa o primeiro en etiquetar este rexistro!

MARC

LEADER 00000cam a2200000 a 4500
001 UCD4286
003 CL-VaPUC
008 160701e19660000gw |||||||||||||||||ger|d
082 0 4 |a 940  |b SAL  |2 21 
100 0 |a Salewski, Michael  |e author  |9 587948 
245 1 0 |a Entwaffnung und militärkontrolle in Deutschland, 1919-1927 
250 |a 1a. ed 
300 |a 421 p 
942 |c BK 
945 |d 20160701 20:49:00  |a arojas 
260 |a Múnich  |b R. Oldenbourg  |c 1966 
650 0 |a Historia de Alemania  |9 431857 
650 0 |a Aliados políticos   |9 472215 
650 7 |a GUERRA MUNDIAL  |2 CL-VaPUC  |9 346688 
583 |a last modification  |c 20160701 20:49:00  |k Rodrigo Vera 
490 0 |a Forschungsinstituts der Deutschen Gesellschaft für Auswärtige Politik E. V. Bonn, 24 
999 |c 365224  |d 365222 
952 |0 0  |1 0  |3 erd  |4 0  |6 940_000000000000000_SAL_1966  |7 0  |8 A  |9 479014  |a FDOHBE  |b FDOHBE  |e Huesbe Llanos, Marco Antonio, 1934-  |i 5334586  |o 940 SAL 1966  |p 5334586  |r 2024-01-30  |w 2019-11-24  |y BK  |z Catalogado en:20160701  |k HBE